Let that sh*t go; (Record no. 9335)

MARC details
000 -LEADER
fixed length control field 00480nam a22001457a 4500
008 - FIXED-LENGTH DATA ELEMENTS--GENERAL INFORMATION
fixed length control field 230227b |||||||| |||| 00| 0 eng d
020 ## - INTERNATIONAL STANDARD BOOK NUMBER
International Standard Book Number 978-93-88423-64-9
082 ## - DEWEY DECIMAL CLASSIFICATION NUMBER
Classification number 158.1
100 ## - MAIN ENTRY--PERSONAL NAME
Personal name Nina Purewal and Kate Petriw
245 ## - TITLE STATEMENT
Title Let that sh*t go;
Remainder of title Find peace of mind and happiness in your everyday life
Statement of responsibility, etc. Nina Purewal and Kate Petriw
260 ## - PUBLICATION, DISTRIBUTION, ETC.
Place of publication, distribution, etc. Mumbai:
Name of publisher, distributor, etc. Jaico Publishing House,
Date of publication, distribution, etc. 2019
300 ## - PHYSICAL DESCRIPTION
Extent 346 p.
Dimensions 21.5 cm
942 ## - Added entry Elements (Koha)
Source of classification or shelving scheme Dewey Decimal Classification
Holdings
Withdrawn status Lost status Source of classification or shelving scheme Damaged status Not for loan Collection code Home library Current library Shelving location Date acquired Serial Enumeration / chronology Total Checkouts Total Renewals Full call number Barcode Date last seen Date last checked out Price effective from Koha item type
    Dewey Decimal Classification     Main TEST RTC Library RTC Library Main opac 27/02/2023 177064 5 4 158.1 PUR 30018281 03/11/2025 28/10/2025 27/02/2023 Main
Royal Thimphu College || All Right Reserved